Մովսես Խորենացու Հայոց պատմության երկու պատառիկ ։ (Record no. 533552)
[ view plain ]
| 000 -LEADER | |
|---|---|
| fixed length control field | 01149nam a22002297a 4500 |
| 003 - CONTROL NUMBER IDENTIFIER | |
| control field | AM-YeHGA |
| 005 - DATE AND TIME OF LATEST TRANSACTION | |
| control field | 20250617165031.0 |
| 008 - FIXED-LENGTH DATA ELEMENTS--GENERAL INFORMATION | |
| fixed length control field | 250306s1945 ai ||||||||||00||0|arm|d |
| 040 ## - CATALOGING SOURCE | |
| Original cataloging agency | AM-YeHGA |
| 041 0# - LANGUAGE CODE | |
| Language code of text/sound track or separate title | arm |
| 001 - CONTROL NUMBER | |
| control field | 2009895 |
| 090 ## - LOCALLY ASSIGNED LC-TYPE CALL NUMBER (OCLC); LOCAL CALL NUMBER (RLIN) | |
| -- | 572612 |
| 100 1# - MAIN ENTRY--PERSONAL NAME | |
| Personal name | Մելիք-Օհանջանյան, Կ․ |
| 245 10 - TITLE STATEMENT | |
| Title | Մովսես Խորենացու Հայոց պատմության երկու պատառիկ ։ |
| Remainder of title | (Բանասիրական մանրուք) / |
| Statement of responsibility, etc. | Պրոֆ․ Կ․ Մելիք-Օհանջանյան ; Հայկական ՍՍՌ Գիտությունների Ակադեմիա․ |
| 260 ## - PUBLICATION, DISTRIBUTION, ETC. | |
| Place of publication, distribution, etc. | Երեվան ։ |
| Name of publisher, distributor, etc. | Հայկական ՍՍՌ Գիտությունների Ակադեմիայի հրատարակություն, |
| Date of publication, distribution, etc. | 1945․ |
| 300 ## - PHYSICAL DESCRIPTION | |
| Extent | էջ 65-72 |
| 500 ## - GENERAL NOTE | |
| General note | Առանձին օտտիսկ ՀՍՍՌ Գիտությունների Ակադեմիայի 1945 թ., № 5 «Տեղեկագրից» : էջ՝ 65-72 |
| 650 14 - SUBJECT ADDED ENTRY--TOPICAL TERM | |
| Topical term or geographic name entry element | Բանասիրություն |
| Form subdivision | Տեղեկագիր |
| 650 14 - SUBJECT ADDED ENTRY--TOPICAL TERM | |
| Topical term or geographic name entry element | Բանասիրություն |
| Form subdivision | Հոդված |
| 710 2# - ADDED ENTRY--CORPORATE NAME | |
| Corporate name or jurisdiction name as entry element | Հայկական ՍՍՌ Գիտությունների Ակադեմիա |
| 942 ## - ADDED ENTRY ELEMENTS (KOHA) | |
| Source of classification or shelving scheme | Universal Decimal Classification |
| Koha item type | Գրքեր / Books |
| Withdrawn status | Lost status | Source of classification or shelving scheme | Damaged status | Not for loan | Collection | Home library | Current library | Date acquired | Total checkouts | Full call number | Barcode | Date last seen | Price effective from | Koha item type | Public note |
|---|---|---|---|---|---|---|---|---|---|---|---|---|---|---|---|
| Universal Decimal Classification | Kusikian Individual Collection | Fundamental Scientific Library | Fundamental Scientific Library | 06/03/2025 | Կուս/2038 | FL0689220 | 06/03/2025 | 06/03/2025 | Գրքեր / Books | ILL Non-Circ. |
ՀՀ Գիտությունների ազգային ակադեմիայի հիմնարար գիտական գրադարան = Fundamental Scientific Library of NAS RA
All site content, except where otherwise noted, is licensed under a